书目信息 |
| 书名: | The sciences | |
| 作者: | James Trefil, Robert M. Hazen. | |
| 分册号: | ||
| 分册名: | 出版地: | New York : |
|
| 出版社: | Wiley | |
| 出版时间: | c1995. | |
| 页数: | 1 v. (various pagings) : | |
| 开本: | 26 cm. | |
| 丛书名: | ||
| 中图分类号: | ||
| 科图分类号: | ||
| 其他分类号: | N171.2 | |
| 主题词: | ||
| 电子资源: | http://www.loc.gov/catdir/toc/onix05/94036672.html http://www.loc.gov/catdir/enhancements/fy0707/94036672-d.html | |
| 000 | 01278cam a2200325 a 450 | |
| 001 | E0762058890 | |
| 005 | 20070515171559.21 | |
| 008 | 940907s1995 nyuab b 001 0 eng | |
| 010 | @a94036672 | |
| 020 | @a0471589314 (pbk. : alk. paper). | |
| 035 | @A(DLC) 94036672 | |
| 040 | @aDLC@cDLC@dDLC | |
| 043 | @an-us--- | |
| 050 | 00 | @aQ161.2@b.T74 1995 |
| 082 | 00 | @a500@2 20 |
| 090 | @aN171.2 | |
| 099 | @dN171.2@ex4 | |
| 100 | 1 | @aTrefil, James S.,@d1938- |
| 245 | 14 | @aThe sciences :@ban integrated approach / @cJames Trefil, Robert M. Hazen. |
| 260 | @aNew York :@bWiley,@cc1995. | |
| 300 | @a1 v. (various pagings) :@bill. (some col.), col. maps ;@c26 cm. | |
| 504 | @aIncludes bibliographical references and index. | |
| 650 | 0 | @aScience. |
| 650 | 0 | @aScience@xStudy and teaching (Higher)@zUnited States. |
| 700 | 1 | @aHazen, Robert M.,@d1948- |
| 856 | 4 | @3 Table of Contents@uhttp://www.loc.gov/catdir/toc/onix05/94036672.html |
| 856 | 42 | @3 Publisher description@uhttp://www.loc.gov/catdir/enhancements/fy0707/94036672-d.html |
| 906 | @a7@bcbc@corignew@d1@eocip@f19@gy-gencatlg | |
| 955 | @apc19 to ja00 09-07-94; je39 09-08-94; 8Sept94 je08 to SL; je10 09-08-94; CIP ver. pv07 06-02-95 | |
| 991 | @bc-GenColl@hQ161.2@i.T74 1995@tCopy 1@wBOOKS | |
| The sciences : : an integrated approach / / James Trefil, Robert M. Hazen.-New York : : Wiley, , c1995. |
| 1 v. (various pagings) : : ill. (some col.), col. maps ; ; 26 cm. |
| Includes bibliographical references and index. |
| ISBN 0471589314 (pbk. : alk. paper). |
| ● |
| 相关链接 |
|
|
|
|
正题名:sciences
索取号:N171.2/x4
 
预约/预借
| 序号 | 登录号 | 条形码 | 馆藏地/架位号 | 状态 | 备注 |
| 1 | 9781 | 300097810 | 第二样本阅览室/ [索取号:N171.2/x4] | 在馆 |